000 01311nam0a22003491 4500
001 rc\2235964
005 20110826164700.5
035 _a(NLR Aleph) 006545544
090 _a6683436
_c6683436
100 _a20110826d1978 |||y0rusy50 ca
101 0 _arus
102 _aRU
105 _aa z |||||
200 1 _aЦветы для вашего сада
_f[А.С. Кольцова, Н.А. Шелыгин, Е.А. Осипова и др.]
_gПод общ. ред. Ю.А. Лукса
210 _aСимферополь
_cТаврия
_d1978
215 _a172 с., 8 л. ил.
_cил.
_d17
300 _aАвт. указаны в предисл.
320 _aУказ. рус., латин. и иностр. назв. растений: с. 163-171
320 _aБиблиогр.: с. 172
606 _aЦветочные культуры
_xВозделывание
_2psbo
686 _aП274,0
_2rubbk
701 1 _aШелыгин
_bН. А.
701 1 _aОсипова
_bЕ. А.
701 1 _aКольцова
_bА. С.
_gАнна Семеновна
702 1 _aЛукс
_bЮ. А.
_gЮрий Андреевич
_4340
801 0 _aRU
_bNLR
_gpsbo
801 1 _aRU
_bELAR
_2rusmarc
852 _aNLR
_j78-2/3356
899 _aRuMoRGB
_jБ 78-50/369
899 _aRuMoRGB
_jБ 78-50/370
942 _cBOOK
980 _aNB